| 000 | 00945nam a2200253 a 4500 | ||
|---|---|---|---|
| 001 | BRCA_3739 | ||
| 005 | 20190320204415.0 | ||
| 008 | 061108s2006 nyua---##b---#000-0#eng-d | ||
| 020 | _a1892535181 | ||
| 041 | _aeng | ||
| 044 | _anyu | ||
| 050 | 4 |
_aTR395 _b.K73 2006 |
|
| 100 | 1 |
_aKraus, Hans P. _cJr. _99732 |
|
| 245 | 1 | 0 |
_aSun Pictures _bCatalogue Fifteen : From Talbot to Turner _cHans P. Kraus ; text by Larry J. Schaaf. |
| 260 |
_aNew York _bHans P. Kraus, Jr., Inc. _cc2006 |
||
| 300 |
_a85 p. _bil. (algunas a color) _c28 cm. |
||
| 500 | _aCatálogo de la exposición realizada en la Galería Hans P. Kraus, Jr., Inc., 20 abril - 2 junio, 2006 | ||
| 504 | _aIncluye referencias bibliográficas | ||
| 650 | 1 | 4 |
_aCalotipo _vCatálogos _99733 |
| 650 | 1 | 4 |
_aDibujo fotogénico _vExposiciones _99734 |
| 650 | 1 | 4 |
_aFotografía _vCatálogos _xHistoria _ySiglo XIX _zGran Bretaña _99735 |
| 700 | 1 |
_aSchaaf, Larry J. _d1947- _99736 |
|
| 942 |
_2lcc _cB |
||
| 999 |
_c3468 _d3468 |
||